<?xml version="1.0" encoding="UTF-8"?>
<record
    xmlns:xsi="http://www.w3.org/2001/XMLSchema-instance"
    xsi:schemaLocation="http://www.loc.gov/MARC21/slim http://www.loc.gov/standards/marcxml/schema/MARC21slim.xsd"
    xmlns="http://www.loc.gov/MARC21/slim">

  <leader>00468nam a22001457a 4500</leader>
  <controlfield tag="005">20250901122322.0</controlfield>
  <controlfield tag="008">250901b        |||||||| |||| 00| 0 eng d</controlfield>
  <datafield tag="100" ind1=" " ind2=" ">
    <subfield code="a">MURUNGI STELLA K.</subfield>
  </datafield>
  <datafield tag="245" ind1=" " ind2=" ">
    <subfield code="a">EFFECTS OF STRATEGIC PLANNING PERSPECTIVES ON PERFORMANCEIN MEDIUM ENTERPRISES IN ELDORET TOWN, UASIN GISHU COUNTY</subfield>
  </datafield>
  <datafield tag="260" ind1=" " ind2=" ">
    <subfield code="a">KISII</subfield>
    <subfield code="b">KISII UNIVERSITY</subfield>
    <subfield code="c">2016</subfield>
  </datafield>
  <datafield tag="300" ind1=" " ind2=" ">
    <subfield code="a">XV,97P.</subfield>
  </datafield>
  <datafield tag="500" ind1=" " ind2=" ">
    <subfield code="a">INCLUDES AN INDEX</subfield>
  </datafield>
  <datafield tag="650" ind1=" " ind2=" ">
    <subfield code="a">STRATEGIC PLANNING</subfield>
  </datafield>
  <datafield tag="942" ind1=" " ind2=" ">
    <subfield code="2">lcc</subfield>
    <subfield code="c">REF</subfield>
  </datafield>
  <datafield tag="999" ind1=" " ind2=" ">
    <subfield code="c">216058</subfield>
    <subfield code="d">216058</subfield>
  </datafield>
  <datafield tag="952" ind1=" " ind2=" ">
    <subfield code="0">0</subfield>
    <subfield code="1">0</subfield>
    <subfield code="2">lcc</subfield>
    <subfield code="4">0</subfield>
    <subfield code="6">THE H D  00062.00007 .M00037 02016</subfield>
    <subfield code="7">0</subfield>
    <subfield code="8">BUS</subfield>
    <subfield code="9">372914</subfield>
    <subfield code="a">KSUL</subfield>
    <subfield code="b">KSUL</subfield>
    <subfield code="c">DISPLAY</subfield>
    <subfield code="d">2025-09-01</subfield>
    <subfield code="i">108026</subfield>
    <subfield code="l">0</subfield>
    <subfield code="o">THE HD 62.7 .M37 2016</subfield>
    <subfield code="p">000000020163</subfield>
    <subfield code="r">2025-09-01 12:29:51</subfield>
    <subfield code="t">C.2</subfield>
    <subfield code="w">2025-09-01</subfield>
    <subfield code="y">REF</subfield>
  </datafield>
  <datafield tag="952" ind1=" " ind2=" ">
    <subfield code="0">0</subfield>
    <subfield code="1">0</subfield>
    <subfield code="2">lcc</subfield>
    <subfield code="4">0</subfield>
    <subfield code="6">THE H D  00062.00007 .M00087 02016</subfield>
    <subfield code="7">0</subfield>
    <subfield code="8">BUS</subfield>
    <subfield code="9">372947</subfield>
    <subfield code="a">KSUL</subfield>
    <subfield code="b">KSUL</subfield>
    <subfield code="c">DISPLAY</subfield>
    <subfield code="d">2025-09-04</subfield>
    <subfield code="i">108022</subfield>
    <subfield code="l">0</subfield>
    <subfield code="o">THE HD 62.7 .M87 2016</subfield>
    <subfield code="p">000000014749</subfield>
    <subfield code="r">2025-09-04 12:24:04</subfield>
    <subfield code="t">C.1</subfield>
    <subfield code="w">2025-09-04</subfield>
    <subfield code="y">REF</subfield>
  </datafield>
</record>
